Vzdelávanie zamestnancov z daňového a právneho aspektu

Vzdelávanie zamestnancov v rámci podnikovej sociálnej politiky je predmetom úpravy par. 153 až par. 155 Zákonníka práce. Vymedzenie základných pojmov prehlbovanie a zvyšovanie kvalifikácie. Dohoda o zvýšení kvalifikácie. Druhy kvalifikácie a spôsoby jej zvýšenia. Daňová uplatniteľnosť výdavkov súvis...

Descrizione completa

Salvato in:
Dettagli Bibliografici
Autore principale: Lalinská, Zuzana
Natura: Capitolo di libro
Lingua:slovacco
Soggetti:
Tags: Aggiungi Tag
Nessun Tag, puoi essere il primo ad aggiungerne!!

MARC

LEADER 00000naa a2200000 4500
001 r047406
005 20231002123603.8
041 0 |a slo 
044 |a SK 
245 1 0 |a Vzdelávanie zamestnancov z daňového a právneho aspektu  |c Zuzana Lalinská 
520 |a Vzdelávanie zamestnancov v rámci podnikovej sociálnej politiky je predmetom úpravy par. 153 až par. 155 Zákonníka práce. Vymedzenie základných pojmov prehlbovanie a zvyšovanie kvalifikácie. Dohoda o zvýšení kvalifikácie. Druhy kvalifikácie a spôsoby jej zvýšenia. Daňová uplatniteľnosť výdavkov súvisiacich so vzdelávaním. Vzdelávanie, školenie a DPH. Praktické príklady. 
610 2 0 |a vzdelávanie 
610 2 0 |a kvalifikácia 
610 2 0 |a zamestnanci 
610 2 0 |a politika sociálna podniková 
610 2 0 |a zákonník práce 
610 2 0 |a dane z hodnoty pridanej 
610 2 0 |a zdaňovanie 
100 1 |a Lalinská, Zuzana